| 000 | 01134nam a22002777a 4500 | ||
|---|---|---|---|
| 003 | DO-SdBNP | ||
| 005 | 20221020134307.0 | ||
| 007 | ta | ||
| 008 | 221020b198- dr ||||| |||| 00| 0 spa d | ||
| 040 |
_aDO-SdBNP _bspa _cBNPHU |
||
| 082 | 4 |
_a021.7 _bF356d _222 |
|
| 111 | 2 |
_aFeria Nacional del Libro _n(17ª : _d 21 al 30 de octubre _cSanto Domingo, República Dominicana) _972688 |
|
| 245 | 1 | 0 |
_aXVII Feria Internacional del Libro : _bPrograma. |
| 246 | 1 | 3 | _aDecimoseptima Feria Nacional del Libro |
| 260 |
_aSanto Domingo : _bMinisterio de Cultura _bEdiciones Ferilibro, _c198-. |
||
| 300 |
_a78 p. : _bil. ; _c21 cm. |
||
| 500 | _aDedicado a la memoria de Máximo Avilés Blonda | ||
| 500 | _aLeer es primero | ||
| 590 | _aInventariado, 2022/BT | ||
| 611 | 2 | 4 |
_aFeria internacional del libro _n(17ª : _d2014 : _cSanto Domingo, Republica Dominicana) _xProgramas _972689 |
| 650 | 4 |
_aIndustria del libro _zRepública Dominicana _xProgramas _955292 |
|
| 650 | 4 |
_aFeria del libro _zRepública Dominicana _y2014 _xProgramas _972690 |
|
| 650 | 4 |
_aLibros _xExposiciones _zRepública Dominicana _933375 |
|
| 910 | _aBtavárez | ||
| 942 |
_2ddc _cLBS1 |
||
| 999 |
_c52599 _d52599 |
||